000 00622nam a2200181Ia 4500
008 100920s9999 xx 000 0 und d
082 _b8871
_a891.43 थ 57
100 _aवेल्स एच. जी.
245 _aलोकों का युध्द.
260 _bराजपाल एण्ड सन्स ,कश्मीरी गेट, दिल्ली.
_c1957
300 _a234
_bसाधी
365 _b4
520 _aहिंदी.
630 _aलोकों का युध्द.
650 _aहिंदी.
730 _aलोकों का युध्द.
942 _cBOOK
999 _c676020
_d676017